[Event "Rio de Janeiro op 2nd"]
[Site "Rio de Janeiro"]
[Date "2023.05.02"]
[Round "1"]
[White "Supi, Luis Paulo"]
[Black "Silva, Marcelo dos Santos"]
[Result "1-0"]
[WhiteElo "2603"]
[BlackElo "1856"]
[PlyCount "59"]
[EventDate "2023.05.02"]
[EventType "swiss"]
[EventRounds "9"]
[EventCountry "BRA"]
[SourceTitle "CBM 214 Extra"]
[Source "ChessBase"]
[SourceDate "2023.07.31"]
[SourceVersion "1"]
[SourceVersionDate "2023.07.31"]
[SourceQuality "1"]

1. e4 c5 2. Nf3 d6 3. d4 cxd4 4. Nxd4 Nc6 5. Nc3 e5 6. Nf5 Bxf5 7. exf5 Nf6 8. Bc4 h6 9. Be3 Qa5 10. 0-0 Be7 11. Nd5 Nxd5 12. Bxd5 0-0 13. c3 Bf6 14. Qf3 Qc7 15. Rfd1 Ne7 16. Be4 Rfd8 17. g3 Qa5 18. Bd5 Nxd5 19. Rxd5 Qc7 20. Rad1 Rd7 21. Qg4 Kh7 22. c4 b6 23. b3 Rad8 24. h4 Qb7 25. Qh5 e4 26. g4 Be5 27. g5 Kg8 28. Kh1 g6 29. fxg6 f6 30. gxh6 1-0

[Event "Pindamonhangaba op 7th"]
[Site "Pindamonhangaba"]
[Date "2023.03.26"]
[Round "5"]
[White "Shukair, Said Nahi"]
[Black "Silva, Marcelo dos Santos"]
[Result "0-1"]
[WhiteElo "1333"]
[BlackElo "1895"]
[PlyCount "74"]
[EventDate "2023.03.24"]
[EventType "swiss"]
[EventRounds "5"]
[EventCountry "BRA"]
[SourceTitle "CBM 213 Extra"]
[Source "ChessBase"]
[SourceDate "2023.05.31"]
[SourceVersion "1"]
[SourceVersionDate "2023.05.31"]
[SourceQuality "1"]

1. d4 e6 2. c4 f5 3. Nc3 Nf6 4. Nf3 b6 5. Bg5 Bb7 6. e3 Be7 7. Bd3 0-0 8. 0-0 Qe8 9. d5 Qg6 10. Nb5 Na6 11. Bf4 d6 12. dxe6 Ne4 13. Qe2 Rfc8 14. Rfd1 Nac5 15. Bc2 a6 16. Nbd4 Nxe6 17. Nxe6 Qxe6 18. Bb3 Nc5 19. Bc2 Qg6 20. Bg3 Rf8 21. Nd4 Rae8 22. b4 Ne4 23. Qd3 Bf6 24. Rac1 h5 25. Nf3 Rd8 26. Bb3 Kh8 27. Qf1 Qh6 28. Bf4 g5 29. Nh4 gxf4 30. Nxf5 Qg6 31. Ne7 Bxe7 32. Bc2 f3 33. g3 Bc8 34. Rd4 Bf5 35. Qd1 Ng5 36. Bxf5 Qxf5 37. Rf4 Nh3+ 0-1

[Event "Niteroi op 2nd"]
[Site "Niteroi"]
[Date "2022.09.06"]
[Round "8"]
[White "Simas, Breno Matos"]
[Black "Silva, Marcelo dos Santos"]
[Result "1/2-1/2"]
[WhiteElo "1749"]
[BlackElo "1910"]
[PlyCount "80"]
[EventDate "2022.09.01"]
[EventType "swiss"]
[EventRounds "9"]
[EventCountry "BRA"]
[SourceTitle "EXT 2024"]
[Source "ChessBase"]
[SourceDate "2023.10.10"]
[SourceVersion "1"]
[SourceVersionDate "2023.10.10"]
[SourceQuality "1"]

1. d4 e6 2. c4 f5 3. Nf3 Nf6 4. g3 Be7 5. Bg2 0-0 6. 0-0 d6 7. Qc2 Ne4 8. Nbd2 Nxd2 9. Bxd2 Nc6 10. Bc3 a5 11. Rad1 Qe8 12. a3 Nd8 13. Nd2 Bd7 14. f4 c6 15. e4 Qh5 16. d5 cxd5 17. exd5 exd5 18. Bxd5+ Kh8 19. Rde1 Bf6 20. Nf3 Nc6 21. b4 axb4 22. axb4 Rae8 23. Rxe8 Qxe8 24. Re1 Qg6 25. b5 Nd8 26. Bb4 Re8 27. Rxe8+ Qxe8 28. Bxd6 Qe3+ 29. Qf2 Qd3 30. Qd2 Qb1+ 31. Qe1 Qd3 32. Be5 Be6 33. Bxf6 gxf6 34. Bxe6 Nxe6 35. Qxe6 Qxf3 36. Qxf6+ Kg8 37. Qd8+ Kg7 38. Qd5 Qe3+ 39. Kg2 Qe2+ 40. Kg1 Qe1+ 1/2-1/2

[Event "Rio de Janeiro Estadual Cup"]
[Site "Rio de Janeiro"]
[Date "2022.07.24"]
[Round "4"]
[White "Reboredo, Maximiano Goncalves"]
[Black "Silva, Marcelo dos Santos"]
[Result "0-1"]
[WhiteElo "1964"]
[BlackElo "1921"]
[PlyCount "114"]
[EventDate "2022.07.23"]
[EventType "swiss"]
[EventRounds "6"]
[EventCountry "BRA"]
[SourceTitle "EXT 2023"]
[Source "ChessBase"]
[SourceDate "2022.10.05"]
[SourceVersion "1"]
[SourceVersionDate "2022.10.05"]
[SourceQuality "1"]

1. e4 c5 2. Nf3 d6 3. d4 cxd4 4. Nxd4 Nf6 5. Nc3 g6 6. Bc4 Bg7 7. 0-0 0-0 8. h3 Nc6 9. Be3 Bd7 10. Qd2 Rc8 11. Bb3 Ne5 12. Qe2 Rxc3 13. bxc3 Nxe4 14. Bd2 Nxd2 15. Qxd2 Qa5 16. Rad1 Rc8 17. f4 Nc4 18. Qe2 Qxc3 19. Nf3 Qe3+ 20. Qf2 Qxf4 21. Qxa7 Qe3+ 22. Qxe3 Nxe3 23. Ng5 Nxf1 24. Rxf1 Bf6 25. Ne4 Bd4+ 26. Kh1 Rf8 27. Ng5 e6 28. Ne4 Be5 29. c4 Bc6 30. Ng5 b5 31. h4 bxc4 32. Bxc4 d5 33. Bb3 h6 34. Nf3 Bg3 35. Rc1 Bd7 36. a4 Rb8 37. Bd1 e5 38. a5 Ra8 39. Ra1 e4 40. Ng1 Bc7 41. a6 Bb5 42. Be2 Bxe2 43. Nxe2 Bb6 44. Nf4 d4 45. Nd5 Bd8 46. a7 Kg7 47. Kg1 f5 48. Kf1 Kf7 49. Nb4 Ke8 50. Ra6 g5 51. Rxh6 gxh4 52. Rh8+ Kd7 53. Rh7+ Kd6 54. Rh6+ Kc5 55. Na6+ Kb5 56. Rd6 Bb6 57. Nb4 Bc5 0-1

[Event "Rio de Janeiro Estadual Cup"]
[Site "Rio de Janeiro"]
[Date "2022.07.23"]
[Round "2"]
[White "Silva, Marcelo dos Santos"]
[Black "Bastos, Gabriel Andrade"]
[Result "1/2-1/2"]
[WhiteElo "1921"]
[BlackElo "1818"]
[PlyCount "63"]
[EventDate "2022.07.23"]
[EventType "swiss"]
[EventRounds "6"]
[EventCountry "BRA"]
[SourceTitle "EXT 2023"]
[Source "ChessBase"]
[SourceDate "2022.10.05"]
[SourceVersion "1"]
[SourceVersionDate "2022.10.05"]
[SourceQuality "1"]

1. c4 Nf6 2. d4 g6 3. Nc3 Bg7 4. e4 0-0 5. f4 d6 6. Bd3 c5 7. d5 e6 8. dxe6 Bxe6 9. Nf3 Nc6 10. 0-0 Bg4 11. h3 Bxf3 12. Qxf3 Nd4 13. Qf2 a6 14. f5 b5 15. fxg6 fxg6 16. Bg5 Qd7 17. Qh4 b4 18. Bxf6 bxc3 19. bxc3 Nc6 20. Bc2 Qe6 21. Bxg7 Kxg7 22. Ba4 Ne5 23. Rab1 Rxf1+ 24. Rxf1 Ra7 25. Qd8 Rf7 26. Rxf7+ Nxf7 27. Qa8 Qxc4 28. Bb3 Qxc3 29. Bd5 Qd4+ 30. Kh1 Qa1+ 31. Kh2 Qe5+ 32. Kh1 1/2-1/2

[Event "Rio de Janeiro op"]
[Site "Rio de Janeiro"]
[Date "2022.04.23"]
[Round "5"]
[White "Coutinho, Marco de Castro"]
[Black "Silva, Marcelo dos Santos"]
[Result "0-1"]
[WhiteElo "1724"]
[BlackElo "1908"]
[PlyCount "78"]
[EventDate "2022.04.21"]
[EventType "swiss"]
[EventRounds "6"]
[EventCountry "BRA"]
[SourceTitle "EXT 2023"]
[Source "ChessBase"]
[SourceDate "2022.10.05"]
[SourceVersion "1"]
[SourceVersionDate "2022.10.05"]
[SourceQuality "1"]

1. d4 e6 2. e4 d5 3. Nd2 Nc6 4. c3 e5 5. exd5 Qxd5 6. dxe5 Qxe5+ 7. Qe2 Be6 8. Ngf3 Qh5 9. Qb5 Qc5 10. Ne4 Qd5 11. Neg5 0-0-0 12. Be3 a6 13. Qxd5 Bxd5 14. Be2 h6 15. Nh3 g5 16. Nd4 Bxg2 17. Bg4+ Kb8 18. Rg1 Bd5 19. Nxc6+ Bxc6 20. Bd4 f6 21. 0-0-0 Bd6 22. Rge1 h5 23. Be6 Rh6 24. Bc5 Ne7 25. Kb1 Rhh8 26. Bxd6 Rxd6 27. Rxd6 cxd6 28. Ng1 Ng6 29. Ne2 Be4+ 30. Kc1 Ne5 31. Rg1 Re8 32. Nd4 Nd3+ 33. Kd2 Nxb2 34. Bf7 Re7 35. Bxh5 Nc4+ 36. Kc1 Rh7 37. Bf3 Bg6 38. Rg2 Ne5 39. Bd5 Nd3+ 0-1

[Event "Florianopolis op 8th"]
[Site "Florianopolis"]
[Date "2022.01.25"]
[Round "3"]
[White "Miranda, Catarina Oliveira"]
[Black "Silva, Marcelo dos Santos"]
[Result "1/2-1/2"]
[WhiteElo "1615"]
[BlackElo "1935"]
[PlyCount "109"]
[EventDate "2022.01.24"]
[EventType "swiss"]
[EventRounds "10"]
[EventCountry "BRA"]
[SourceTitle "CBM 206 Extra"]
[Source "ChessBase"]
[SourceDate "2022.03.31"]
[SourceVersion "1"]
[SourceVersionDate "2022.03.31"]
[SourceQuality "1"]

1. d4 e6 2. e3 f5 3. Bd3 Nf6 4. c4 Nc6 5. a3 Be7 6. Nc3 0-0 7. Nf3 d5 8. 0-0 Ne4 9. cxd5 exd5 10. Qb3 Nf6 11. Bd2 a6 12. Rac1 Qd6 13. e4 fxe4 14. Nxe4 Nxe4 15. Bxe4 Be6 16. Bb1 Rab8 17. Qe3 Bf6 18. Rfe1 Rbe8 19. Qd3 g6 20. Bc3 Bf5 21. Qd2 Bxb1 22. Rxb1 Bg7 23. Rxe8 Rxe8 24. Re1 Re4 25. Ng5 Rxe1+ 26. Qxe1 Qe7 27. Qe6+ Qxe6 28. Nxe6 Kf7 29. Nxc7 Nxd4 30. Nxd5 Ke6 31. Nf4+ Kf5 32. Nd3 Ne2+ 33. Kf1 Nxc3 34. bxc3 b6 35. c4 Ke4 36. Ke2 Kd4 37. Nb2 Kc3 38. Na4+ Kxc4 39. Nxb6+ Kb3 40. a4 Bd4 41. a5 Kb4 42. Nd5+ Kxa5 43. Nc7 Kb6 44. Nxa6 Kxa6 45. f4 Kb5 46. g4 Kc4 47. Kf3 Kd5 48. h3 Bc3 49. h4 Be1 50. h5 gxh5 51. gxh5 Ke6 52. Kg4 Kf6 53. f5 h6 54. Kf3 Kxf5 55. Kg2 1/2-1/2

[Event "Araruama op 1st"]
[Site "Araruama"]
[Date "2021.06.05"]
[Round "5"]
[White "Silva, Marcelo dos Santos"]
[Black "Urquiza, Marcello de Albuque"]
[Result "0-1"]
[WhiteElo "1915"]
[BlackElo "2107"]
[PlyCount "78"]
[EventDate "2021.06.02"]
[EventType "tourn"]
[EventRounds "6"]
[EventCountry "BRA"]
[SourceTitle "CBM 203 Extra"]
[Source "ChessBase"]
[SourceDate "2021.09.30"]
[SourceVersion "1"]
[SourceVersionDate "2021.09.30"]
[SourceQuality "1"]

1. c4 c6 2. Nc3 d5 3. cxd5 cxd5 4. d4 Nf6 5. Nf3 Nc6 6. Bf4 e6 7. e3 a6 8. Bd3 Qb6 9. Qe2 Be7 10. 0-0 0-0 11. Rac1 Bd7 12. a3 Qa7 13. Rfd1 Rfd8 14. Bc2 Rac8 15. e4 dxe4 16. Nxe4 Be8 17. Qd3 g6 18. b4 b5 19. Kh1 a5 20. Be3 Nd5 21. bxa5 Qxa5 22. Nc5 Bxc5 23. dxc5 Nc3 24. Qf1 Nxd1 25. Rxd1 Rxd1 26. Qxd1 Qxa3 27. h4 Rd8 28. Qb1 Qc3 29. h5 Ra8 30. Bd2 Qa1 31. Kh2 Qxb1 32. Bxb1 b4 33. Be4 b3 34. Ne5 Ra2 35. Bc3 Nxe5 36. Bxe5 Re2 37. f4 f5 38. c6 fxe4 39. c7 Bd7 0-1

[Event "Taubate op"]
[Site "Taubate"]
[Date "2020.11.01"]
[Round "3"]
[White "Silva, Marcelo dos Santos"]
[Black "Haraguchi, Matheus Sashaki"]
[Result "1/2-1/2"]
[WhiteElo "1923"]
[BlackElo "1652"]
[PlyCount "57"]
[EventDate "2020.10.31"]
[EventType "swiss"]
[EventRounds "6"]
[EventCountry "BRA"]
[SourceTitle "CBM 199 Extra"]
[Source "ChessBase"]
[SourceDate "2021.01.31"]
[SourceVersion "1"]
[SourceVersionDate "2021.01.31"]
[SourceQuality "1"]

1. c4 e6 2. Nc3 d5 3. d4 Nf6 4. cxd5 exd5 5. Bf4 c6 6. e3 Bd6 7. Bg3 Bf5 8. Qb3 Bxg3 9. hxg3 Qb6 10. Qa3 Nbd7 11. Nf3 a5 12. Nh4 Be6 13. Bd3 Qb4 14. Nf5 g6 15. Ng7+ Ke7 16. Nxe6 fxe6 17. 0-0 Qxa3 18. bxa3 e5 19. f3 Kd6 20. a4 exd4 21. exd4 Rae8 22. Rfe1 Rxe1+ 23. Rxe1 Re8 24. Rxe8 Nxe8 25. Kf2 Ng7 26. Ke3 Nf6 27. g4 Ne6 28. g3 g5 29. Bf5 1/2-1/2

[Event "Florianopolis op 6th"]
[Site "Florianopolis"]
[Date "2020.01.23"]
[Round "6"]
[White "Borges, Luis Enrique Rosa"]
[Black "Silva, Marcelo dos Santos"]
[Result "1/2-1/2"]
[WhiteElo "1603"]
[BlackElo "1936"]
[PlyCount "47"]
[EventDate "2020.01.20"]
[EventType "swiss"]
[EventRounds "10"]
[EventCountry "BRA"]
[SourceTitle "CBM 194 Extra"]
[Source "ChessBase"]
[SourceDate "2020.03.31"]
[SourceVersion "1"]
[SourceVersionDate "2020.03.31"]
[SourceQuality "1"]

1. e4 e6 2. d4 d5 3. exd5 exd5 4. c3 Nf6 5. Nf3 Be7 6. Be2 0-0 7. 0-0 Bg4 8. h3 Bh5 9. Be3 Bd6 10. Nbd2 c6 11. Nh2 Bxe2 12. Qxe2 Re8 13. Qd3 Nbd7 14. Rfe1 Qc7 15. Ndf3 Re6 16. Bd2 Rae8 17. b3 Ne4 18. Ng4 Nxd2 19. Qxd2 Bf4 20. Rxe6 Rxe6 21. Qd3 h5 22. Ne3 g6 23. Re1 Nf6 24. Nf1 1/2-1/2

[Event "Florianopolis op 6th"]
[Site "Florianopolis"]
[Date "2020.01.23"]
[Round "5"]
[White "Silva, Marcelo dos Santos"]
[Black "Teramoto, Anderson"]
[Result "1-0"]
[WhiteElo "1936"]
[BlackElo "1624"]
[PlyCount "103"]
[EventDate "2020.01.20"]
[EventType "swiss"]
[EventRounds "10"]
[EventCountry "BRA"]
[SourceTitle "CBM 194 Extra"]
[Source "ChessBase"]
[SourceDate "2020.03.31"]
[SourceVersion "1"]
[SourceVersionDate "2020.03.31"]
[SourceQuality "1"]

1. c4 Nf6 2. d4 g6 3. Nc3 Bg7 4. e4 d6 5. Be2 0-0 6. h4 h5 7. Nf3 Bg4 8. 0-0 Bxf3 9. Bxf3 Nbd7 10. Re1 e5 11. d5 Nh7 12. g3 Ndf6 13. Be3 Qd7 14. Kg2 a6 15. Rc1 Rae8 16. b4 Ng4 17. Bxg4 Qxg4 18. Qxg4 hxg4 19. c5 f5 20. Ne2 fxe4 21. cxd6 cxd6 22. Rc7 Rf7 23. Rec1 Ref8 24. Rxf7 Rxf7 25. Rc8+ Rf8 26. Rc4 Nf6 27. Nc3 Rf7 28. Bg5 Kh7 29. Bxf6 Bxf6 30. Nxe4 Bd8 31. Nxd6 Rd7 32. Ne4 Rxd5 33. Rc8 Rd4 34. Nc5 Bb6 35. Ne6 Rxb4 36. Ng5+ Kg7 37. Rb8 Bd4 38. a4 Rb2 39. Ne4 Kf7 40. Rxb7+ Rxb7 41. Nd6+ Ke6 42. Nxb7 Kd7 43. f3 gxf3+ 44. Kxf3 Bb6 45. a5 Ba7 46. g4 Kc7 47. h5 gxh5 48. gxh5 Kxb7 49. Ke4 Kc6 50. h6 Kb5 51. h7 Kxa5 52. h8Q 1-0

[Event "Florianopolis op 6th"]
[Site "Florianopolis"]
[Date "2020.01.21"]
[Round "2"]
[White "Brito, Luismar"]
[Black "Silva, Marcelo dos Santos"]
[Result "1-0"]
[WhiteElo "2227"]
[BlackElo "1936"]
[PlyCount "63"]
[EventDate "2020.01.20"]
[EventType "swiss"]
[EventRounds "10"]
[EventCountry "BRA"]
[SourceTitle "CBM 194 Extra"]
[Source "ChessBase"]
[SourceDate "2020.03.31"]
[SourceVersion "1"]
[SourceVersionDate "2020.03.31"]
[SourceQuality "1"]

1. Nc3 e6 2. Nf3 d5 3. e4 d4 4. Ne2 c5 5. c3 dxc3 6. bxc3 Nc6 7. Ng3 Nf6 8. Be2 Be7 9. 0-0 0-0 10. d4 cxd4 11. cxd4 Qc7 12. Be3 Rd8 13. Qc2 Ng4 14. Rab1 Nxe3 15. fxe3 Qb8 16. e5 h6 17. Qe4 Bf8 18. Nh5 Ne7 19. Bd3 g6 20. Nh4 Nf5 21. Nf6+ Kh8 22. Qg4 Nxh4 23. Qxh4 Qc7 24. Ne4 Bg7 25. Rf2 Rd7 26. Rbf1 Qd8 27. Qxd8+ Rxd8 28. Nd6 Kh7 29. Rxf7 b6 30. Re1 h5 31. Ref1 Rg8 32. R1f6 1-0

[Event "Rio de Janeiro Estadual-ch"]
[Site "Rio de Janeiro"]
[Date "2019.09.29"]
[Round "4"]
[White "Silva, Marcelo dos Santos"]
[Black "Soares, Joao Carlos TC"]
[Result "0-1"]
[WhiteElo "1955"]
[BlackElo "2053"]
[PlyCount "58"]
[EventDate "2019.09.28"]
[EventType "swiss"]
[EventRounds "6"]
[EventCountry "BRA"]
[SourceTitle "EXT 2020"]
[Source "ChessBase"]
[SourceDate "2019.10.17"]
[SourceVersion "1"]
[SourceVersionDate "2019.10.17"]
[SourceQuality "1"]

1. c4 g6 2. d4 f5 3. Nc3 Nf6 4. Nf3 Bg7 5. g3 d6 6. Bg2 0-0 7. 0-0 Nc6 8. e3 e5 9. b3 e4 10. Ne1 a5 11. Bb2 Ne7 12. d5 Ng4 13. Qd2 Bh6 14. Nb5 Bd7 15. h3 Ne5 16. Bxe5 dxe5 17. Nxc7 Qxc7 18. d6 Qc5 19. dxe7 Qxe7 20. Nc2 Bc6 21. Rad1 Rfd8 22. Qc1 f4 23. Rxd8+ Rxd8 24. Rd1 Rd3 25. Rxd3 exd3 26. Bxc6 bxc6 27. Ne1 Qd7 28. Qd2 fxe3 29. fxe3 Bxe3+ 0-1

[Event "Rio de Janeiro Fexerj op"]
[Site "Rio de Janeiro"]
[Date "2019.06.02"]
[Round "3"]
[White "Silva, Marcelo dos Santos"]
[Black "Reboredo, Maximiano Goncalves"]
[Result "1-0"]
[WhiteElo "1948"]
[BlackElo "2076"]
[PlyCount "65"]
[EventDate "2019.06.01"]
[EventType "swiss"]
[EventRounds "6"]
[EventCountry "BRA"]
[SourceTitle "CBM 190 Extra"]
[Source "ChessBase"]
[SourceDate "2019.07.15"]
[SourceVersion "1"]
[SourceVersionDate "2019.07.15"]
[SourceQuality "1"]

1. c4 Nf6 2. d4 e6 3. Nf3 Bb4+ 4. Bd2 Qe7 5. Nc3 c5 6. e3 0-0 7. Bd3 cxd4 8. exd4 d5 9. c5 Bd7 10. 0-0 h6 11. Re1 Qd8 12. Rc1 a6 13. Bf4 Nc6 14. Bb1 Ba5 15. a3 Bc7 16. Bxc7 Qxc7 17. Na4 Rad8 18. Nb6 Na7 19. Ne5 Nc8 20. Nbxd7 Nxd7 21. Qd3 Nf6 22. Ng4 Ne4 23. f3 Qf4 24. fxe4 Qxg4 25. exd5 g6 26. d6 Na7 27. Re4 Qg5 28. Rf1 h5 29. Ref4 Nc6 30. Rf6 Kg7 31. R6f4 e5 32. dxe5 Qxe5 33. Rxf7+ 1-0

[Event "Sao Paulo Carnaval op"]
[Site "Sao Paulo"]
[Date "2019.03.05"]
[Round "7"]
[White "Gauche, Charles"]
[Black "Silva, Marcelo dos Santos"]
[Result "1-0"]
[WhiteElo "2177"]
[BlackElo "1943"]
[PlyCount "80"]
[EventDate "2019.03.02"]
[EventType "swiss"]
[EventRounds "7"]
[EventCountry "BRA"]
[SourceTitle "EXT 2020"]
[Source "ChessBase"]
[SourceDate "2019.10.17"]
[SourceVersion "1"]
[SourceVersionDate "2019.10.17"]
[SourceQuality "1"]

1. d4 e6 2. e4 d5 3. Nd2 Nc6 4. Ngf3 Nf6 5. e5 Nd7 6. c3 f6 7. exf6 Qxf6 8. Bb5 Bd6 9. 0-0 0-0 10. Nb3 a6 11. Bxc6 bxc6 12. Na5 c5 13. Re1 Kh8 14. Qe2 cxd4 15. cxd4 Nb6 16. Nc6 Bd7 17. Nfe5 Be8 18. Rf1 Bxe5 19. dxe5 Qg6 20. Nd4 c5 21. Nb3 Bb5 22. Qd1 Bxf1 23. Qxf1 Nd7 24. Qe2 a5 25. h4 a4 26. Nd2 Rf5 27. Nf3 Qg4 28. Kf1 h6 29. Be3 Raf8 30. Qb5 Rxf3 31. gxf3 Qxf3 32. Bxc5 Rf7 33. Re1 Qh1+ 34. Ke2 Qxh4 35. Kd1 Qh5+ 36. Kc1 Qf5 37. Bd4 Qf4+ 38. Be3 Qxe5 39. Qxa4 Qf5 40. f4 g6 1-0

[Event "Sao Paulo Carnaval op"]
[Site "Sao Paulo"]
[Date "2019.03.02"]
[Round "2"]
[White "Silva, Marcelo dos Santos"]
[Black "Mandetta, Joao Danilo"]
[Result "0-1"]
[WhiteElo "1943"]
[BlackElo "2374"]
[PlyCount "72"]
[EventDate "2019.03.02"]
[EventType "swiss"]
[EventRounds "7"]
[EventCountry "BRA"]
[SourceTitle "EXT 2020"]
[Source "ChessBase"]
[SourceDate "2019.10.17"]
[SourceVersion "1"]
[SourceVersionDate "2019.10.17"]
[SourceQuality "1"]

1. c4 c5 2. Nf3 Nf6 3. e3 g6 4. d4 Bg7 5. Nc3 0-0 6. Be2 cxd4 7. exd4 d5 8. 0-0 Nc6 9. Bg5 Bg4 10. Bxf6 Bxf6 11. Nxd5 Bg7 12. Qd3 Bxf3 13. Bxf3 Nxd4 14. Rad1 e6 15. Nc3 Qa5 16. Be4 Rac8 17. Ne2 Nxe2+ 18. Qxe2 Qxa2 19. Bxb7 Qxc4 20. Qf3 Rc7 21. Ra1 Qb4 22. Be4 Qxb2 23. g3 Qxa1 24. Rxa1 Bxa1 25. Qd3 Bf6 26. h4 Rd8 27. Qf3 Bd4 28. Kg2 h5 29. g4 Rc5 30. gxh5 Rxh5 31. Qg4 Kg7 32. Bf3 Bf6 33. Qa4 Rxh4 34. Qxa7 Rd1 35. Kg3 Bd4 36. Qa4 Bxf2+ 0-1

[Event "Florianopolis op 5th"]
[Site "Florianopolis"]
[Date "2019.01.26"]
[Round "8"]
[White "Woichinevski, Joao Vinicius Peru"]
[Black "Silva, Marcelo dos Santos"]
[Result "1-0"]
[WhiteElo "1528"]
[BlackElo "1977"]
[PlyCount "55"]
[EventDate "2019.01.21"]
[EventType "swiss"]
[EventRounds "10"]
[EventCountry "BRA"]
[SourceTitle "CBM 188 Extra"]
[Source "ChessBase"]
[SourceDate "2019.02.28"]
[SourceVersion "1"]
[SourceVersionDate "2019.02.28"]
[SourceQuality "1"]

1. e4 e6 2. d4 d5 3. Nc3 dxe4 4. Nxe4 Bd7 5. Nf3 Bc6 6. Bd3 Nd7 7. 0-0 Ngf6 8. Qe2 Nxe4 9. Bxe4 Bxe4 10. Qxe4 c5 11. Bg5 Be7 12. Bxe7 Qxe7 13. Qxb7 Nb6 14. Qc6+ Qd7 15. Qxc5 Rc8 16. Qg5 0-0 17. c3 h6 18. Qg3 Qb5 19. Rab1 Qd5 20. a3 Nc4 21. Rfe1 Rb8 22. b3 Nxa3 23. c4 Qd8 24. Ne5 Qc8 25. Rb2 Qc7 26. Ra2 f6 27. Rxa3 fxe5 28. Qxe5 1-0

[Event "Rio de Janeiro Estadual-ch"]
[Site "Rio de Janeiro"]
[Date "2018.09.23"]
[Round "3"]
[White "Morais, Wagner Soares"]
[Black "Silva, Marcelo dos Santos"]
[Result "0-1"]
[WhiteElo "1839"]
[BlackElo "1984"]
[PlyCount "84"]
[EventDate "2018.09.22"]
[EventType "swiss"]
[EventRounds "6"]
[EventCountry "BRA"]
[SourceTitle "EXT 2020"]
[Source "ChessBase"]
[SourceDate "2019.10.17"]
[SourceVersion "1"]
[SourceVersionDate "2019.10.17"]
[SourceQuality "1"]

1. d4 e6 2. Nf3 f5 3. g3 Nf6 4. Bg5 Be7 5. Bxf6 Bxf6 6. Nbd2 d5 7. Ne5 0-0 8. f4 Bd7 9. Bg2 Be8 10. e3 Nd7 11. 0-0 Nxe5 12. fxe5 Bg5 13. Qe2 a6 14. c4 c6 15. a4 Qa5 16. Rfb1 Qb4 17. c5 b6 18. cxb6 Qxb6 19. b4 Rb8 20. Bf1 Rf7 21. Kf2 Rfb7 22. Qxa6 Qc7 23. Qd3 Bg6 24. Qc3 f4 25. exf4 Bxb1 26. Rxb1 Be7 27. b5 Bd8 28. Nb3 cxb5 29. Qxc7 Rxc7 30. Bxb5 Rc2+ 31. Kg1 Bb6 32. Kh1 Kf7 33. Bd3 Rc3 34. Bb5 Ra8 35. Kg2 Ke7 36. Rb2 Rac8 37. Kh3 Rc2 38. Rb1 Ra2 39. Bd3 Rxa4 40. Nc5 Bxc5 41. dxc5 Ra7 42. Bxh7 Rh8 0-1